New American Chef : Cooking with the best of flavors and techniques from around the world (Record no. 14172)

MARC details
000 -LEADER
fixed length control field 00507nam a2200169Ia 4500
008 - FIXED-LENGTH DATA ELEMENTS--GENERAL INFORMATION
fixed length control field 230917s9999||||xx |||||||||||||| ||und||
020 ## - ISBN
Price USD29.95
040 ## - CATALOGING SOURCE
-- 223849
Original cataloging agency VIVEKANANDA LIBRARY
041 ## - Language
-- English
082 ## - DDC NUMBER
Classification number 641.5973 D736N
100 ## - MAIN ENTRY--PERSONAL NAME
Personal name Dornenburg, Andrew
245 #0 - TITLE STATEMENT
Title New American Chef : Cooking with the best of flavors and techniques from around the world
260 ## - PUBLICATION, DISTRIBUTION, ETC. (IMPRINT)
Place of publication, distribution, etc Hoboken
Name of publisher, distributor, etc John Wiley
Date of publication, distribution, etc 2003
300 ## - PHYSICAL DESCRIPTION
Pages 431 p.
500 ## - GENERAL NOTE
General note 1915 27/01/2015 APD1014084 12/03/2015 IHTM (SFS)
942 ## - ADDED ENTRY ELEMENTS (KOHA)
Koha item type Books
Holdings
Withdrawn status Lost status Damaged status Not for loan Location (home branch) Sublocation or collection (holding branch) Shelving location Date acquired Koha issues (times borrowed) Koha full call number Accession No. Koha date last seen Koha item type
        VIVEKANANDA LIBRARY VIVEKANANDA LIBRARY IHTM Library 08/05/2015   641.5973 D736N 348424 17/09/2023 Books
© Designed and Maintained by Vivekananda Library, MDU Rohtak